[Event "Cannes mT"]
[Site "Cannes"]
[Date "1996.??.??"]
[Round "5"]
[White "Bacrot, Etienne"]
[Black "Smyslov, Vassily"]
[Result "1/2-1/2"]
[WhiteElo "2425"]
[BlackElo "2550"]

1.d4 Nf6 2.c4 e6 3.Nc3 Bb4 4.Qc2 d6 5.Bg5 c5 6.e3 cxd4 7.exd4 Qa5 8.Bxf6 Bxc3+
9.bxc3 gxf6 10.Nf3 Nd7 11.Nd2 b6 12.Rb1 Qh5 13.Ne4 Ke7 14.Qa4 Qg6 15.Qc6 d5
16.Nd2 Ba6 17.cxd5 Rhc8 18.d6+ Ke8 19.Qf3 Bxf1 20.Rxf1 Rab8 21.Ke2 b5 22.Rfc1 Rb6
23.Ne4 f5 24.Nc5 Qg4 25.Qxg4 fxg4 26.Ne4 f5 27.Ng5 Rxd6 28.Nxh7 Ke7 29.Ng5 Nb6
30.h4 Nd5 31.Kd2 a6 32.a4 bxa4 33.Rb7+ Rc7 34.Rxc7+ Nxc7 35.Ra1 Nb5 36.Rxa4 Rc6
37.Ra1 Kf6 38.f4 gxf3 39.gxf3 Nc7 40.Rc1 e5 41.Ra1 exd4 42.cxd4 Nd5 43.Ra5 Ne7
44.Kd3 Ng6 45.d5 Ne5+ 46.Ke2 Rb6 47.Ra2 Ng6 48.Ne6 Nxh4 49.Nc5  1/2-1/2

[Event "Cannes Martinez op"]
[Site "Cannes"]
[Date "1996.??.??"]
[Round "7"]
[White "Brochet, Philippe"]
[Black "Bacrot, Etienne"]
[Result "1/2-1/2"]
[WhiteElo "2275"]
[BlackElo "2470"]

1.e4 c5 2.Nf3 d6 3.d4 cxd4 4.Nxd4 Nf6 5.Nc3 Nc6 6.Bg5 e6 7.Qd2 a6 8.O-O-O h6
9.Bf4 Bd7 10.Nxc6 Bxc6 11.f3 d5 12.Qe1 Bb4 13.a3 Ba5 14.exd5 Bxd5 15.Be5 Rc8
16.Bxf6 gxf6 17.b4 Rxc3 18.Qxc3 Bc7 19.Qe3 Qe7 20.Bd3 a5 21.Qc5 Bf4+ 22.Kb1 Qxc5
23.bxc5 Ke7 24.Bb5 Rc8 25.Rd4 Be3 26.Rd3 Rxc5 27.Rxe3 Rxb5+ 28.Kc1 Rc5 29.Rd1 f5
30.Rd4 Kf6 31.g3 b5 32.Kd2 a4 33.f4 Ke7 34.Rc3 Bc4 35.Re3 Bd5 36.Re1 h5 37.Re3 Ba2
38.Rc3 Bc4 39.Ke3 Rc6 40.Kd2  1/2-1/2

[Event "Cannes mT"]
[Site "Cannes"]
[Date "1996.??.??"]
[Round "7"]
[White "Bacrot, Etienne"]
[Black "Ivkov, Borislav"]
[Result "1-0"]
[WhiteElo "2425"]
[BlackElo "2455"]

1.d4 e6 2.c4 Nf6 3.Nc3 d5 4.cxd5 exd5 5.Bg5 c6 6.e3 Be7 7.Qc2 Nbd7 8.Bd3 Nf8
9.Nf3 Ne6 10.Bh4 g6 11.O-O O-O 12.Rab1 a5 13.a3 Ng7 14.b4 axb4 15.axb4 Bf5
16.b5 Bxd3 17.Qxd3 Ra3 18.bxc6 bxc6 19.Ra1 Rxa1 20.Rxa1 Nf5 21.Bg5 Nd7 22.Bxe7 Qxe7
23.Ra7 Rb8 24.Qc2 Qe6 25.h3 Nd6 26.Nd2 Nb6 27.Na4 Nxa4 28.Rxa4 Nf5 29.Ra6 Nxe3
30.fxe3 Qxe3+ 31.Kh1 Qxd4 32.Nf3 Qe4 33.Rxc6 Rb1+ 34.Ng1 Qe1 35.Qc5 h5 36.Rc8+ Kh7
37.Qd4 f6 38.Rc7+ Kh6 39.Qf4+  1-0

[Event "Cannes Martinez op"]
[Site "Cannes"]
[Date "1996.??.??"]
[Round "8"]
[White "Bacrot, Etienne"]
[Black "Rouchouse, Stevens"]
[Result "1-0"]
[WhiteElo "2470"]
[BlackElo "2230"]

1.d4 d5 2.c4 e6 3.Nf3 Nf6 4.g3 c6 5.Bg2 Be7 6.O-O O-O 7.Nc3 Nbd7 8.b3 b6
9.Bb2 Bb7 10.Qc2 Rc8 11.e4 dxe4 12.Nxe4 c5 13.Nxf6+ Nxf6 14.dxc5 Be4 15.Qc1 Bxc5
16.Qf4 Bg6 17.Rad1 Qe7 18.Ne5 Qc7 19.Bc3 Bd6 20.Rxd6 Qxd6 21.Nxg6 Qxf4 22.Nxf4 Rfd8
23.Re1 Ne8 24.Kf1 b5 25.Ba5  1-0

[Event "Cannes Martinez op"]
[Site "Cannes"]
[Date "1996.??.??"]
[Round "9"]
[White "Jetzl, Joerg"]
[Black "Bacrot, Etienne"]
[Result "0-1"]
[WhiteElo "2210"]
[BlackElo "2470"]

1.d4 Nf6 2.c4 e6 3.Nc3 Bb4 4.a3 Bxc3+ 5.bxc3 d6 6.e3 O-O 7.Ne2 b6 8.Ng3 Ba6
9.Bd3 Nc6 10.e4 e5 11.Be3 Qd7 12.Nf5 Ne7 13.Bg5 Nxf5 14.exf5 e4 15.Bxf6 Qxf5
16.Bxg7 exd3 17.Bxf8 Re8+ 18.Kf1 Re2  0-1

[Event "FRA-chT"]
[Site "France"]
[Date "1996.??.??"]
[Round "?"]
[White "Degraeve, Jean Marc"]
[Black "Bacrot, Etienne"]
[Result "1/2-1/2"]
[WhiteElo "2515"]
[BlackElo "2470"]

1.e4 c5 2.Nf3 d6 3.c3 Nf6 4.Be2 Nbd7 5.d3 b6 6.O-O Bb7 7.Nbd2 g6 8.d4 cxd4
9.cxd4 Nxe4 10.Nxe4 Bxe4 11.Ng5 Bd5 12.Bf3 Bxf3 13.Qxf3 Nf6 14.Qc6+ Nd7 15.Qd5 e6
16.Qf3 Nf6 17.Qc6+ Nd7 18.Qf3 Nf6 19.Qc6+ Nd7 20.Qf3  1/2-1/2

[Event "Wch U14"]
[Site "Menorca"]
[Date "1996.??.??"]
[Round "6"]
[White "Aronian, Levon"]
[Black "Bacrot, Etienne"]
[Result "1/2-1/2"]
[WhiteElo "2390"]
[BlackElo "2470"]

1.e4 c5 2.Nf3 d6 3.c3 Nf6 4.h3 Nc6 5.Bd3 d5 6.e5 Nd7 7.Bb5 e6 8.O-O Qc7 9.d4 Be7
10.a3 Nb6 11.Bd3 Bd7 12.Re1 h6 13.dxc5 Bxc5 14.Be3 Be7 15.Nbd2 Rc8 16.Nd4 Nxe5
17.Bf4 Bd6 18.Qh5 g6 19.Qxe5 Bxe5 20.Bxe5 Qd8 21.Bxh8 Kf8 22.Be5 f6 23.Bh2 e5
24.Nc2 Kf7 25.Ne3 Be6 26.Rad1 Na4 27.Bc2 Qa5 28.Bxa4 Qxa4 29.Nf3 Rd8 30.Rd2 g5
31.Nc2 g4 32.hxg4 Bxg4 33.Nh4 Be6 34.Bg3 h5 35.Ne3 d4 36.cxd4 Rxd4 37.Rc2 Rxh4
38.Rc7+ Kg6 39.Bxh4 Qxh4 40.Rxb7 Qa4 41.Rc1 f5 42.Rb4 Qd7 43.g3 Kf6 44.Rd1 Qc6
45.Re1 a5 46.Rh4 Qf3 47.Rc1 f4 48.gxf4 exf4 49.Ng2 Bg4 50.Rc4 Qd1+ 51.Kh2 f3
52.Ne3 Qd6+ 53.Kg1 Kg5 54.Rhxg4+ hxg4 55.Rxg4+ Kh5 56.Rg3 Qc6 57.Nf1 Qd5
58.Ne3 Qe4 59.Nf1 a4 60.Ne3 Qb1+ 61.Nf1 Qd1 62.Rg7 Kh6 63.Rg4 Kh5 64.Rg7 Kh6
65.Rg8 Kh7 66.Rg5 Qd4 67.Rg3 Qd1 68.Rg4 Qb3 69.Rg3  1/2-1/2

[Event "Wch U14"]
[Site "Menorca"]
[Date "1996.??.??"]
[Round "10"]
[White "Khamrakulov, Ibragim S"]
[Black "Bacrot, Etienne"]
[Result "1/2-1/2"]
[WhiteElo "2310"]
[BlackElo "2470"]

1.e4 c5 2.c3 d5 3.exd5 Qxd5 4.d4 Nf6 5.Na3 e6 6.Nf3 Qd8 7.Bf4 cxd4 8.Nxd4 Nd5
9.Bg3 Nc6 10.Nc4 Bc5 11.Nxc6 bxc6 12.Qa4 Bb7 13.Ne5 f6 14.Ba6 Nb6 15.Qe4 Bxa6
16.Qxc6+ Kf8 17.Qxc5+ Kg8 18.Rd1 Qe8 19.Nd3 e5 20.Nb4 Bb7 21.O-O h5 22.h4 Kh7
23.Qc7 Rb8 24.a4 Qe6 25.Rd6 Qc4 26.Rd7 Qxc7 27.Rxc7 a5 28.Nc6 Bxc6 29.Rxc6 Nxa4
30.Ra1 Nxb2 31.Rxa5 Rhc8 32.Rxc8 Rxc8 33.Kh2  1/2-1/2

[Event "Wch U14 Disney"]
[Site "Paris"]
[Date "1996.??.??"]
[Round "2"]
[White "Bacrot, Etienne"]
[Black "Dziuba, Marcin"]
[Result "1/2-1/2"]
[WhiteElo "2470"]
[BlackElo "2085"]

1.d4 c5 2.d5 e5 3.e4 d6 4.Nc3 Be7 5.Bd3 Bg5 6.Nf3 Bxc1 7.Qxc1 Nf6 8.O-O O-O
9.a4 Nh5 10.g3 Bg4 11.Be2 g6 12.Qh6 Bxf3 13.Bxf3 Ng7 14.Bg2 Nd7 15.Bh3 f5
16.exf5 Nxf5 17.Bxf5 Rxf5 18.Qe3 Qf8 19.f3 Qf7 20.Rad1 Nf6 21.Kg2 Qe8 22.b3 Kg7
23.h3 Qe7 24.Qf2 h6  1/2-1/2

[Event "Wch U14 Disney"]
[Site "Paris"]
[Date "1996.??.??"]
[Round "3"]
[White "Grigutavicius, Dainius"]
[Black "Bacrot, Etienne"]
[Result "1-0"]
[WhiteElo "2105"]
[BlackElo "2470"]

1.d4 Nf6 2.c4 e6 3.Nc3 Bb4 4.Qc2 O-O 5.a3 Bxc3+ 6.Qxc3 b6 7.Bg5 c5 8.e3 Bb7
9.f3 h6 10.Bh4 d5 11.dxc5 bxc5 12.Bd3 d4 13.exd4 cxd4 14.Qc2 Nbd7 15.Ne2 Rc8
16.O-O e5 17.Bf2 Nc5 18.b4 Nxd3 19.Qxd3 Qe7 20.Ng3 Rfe8 21.Rfe1 Qd7 22.Rac1 Re6
23.Nf1 Nh5 24.Bg3 Rce8  1-0

[Event "Yerevan ol (Men)"]
[Site "Yerevan"]
[Date "1996.??.??"]
[Round "6"]
[White "Leko, Peter"]
[Black "Bacrot, Etienne"]
[Result "1/2-1/2"]
[WhiteElo "2630"]
[BlackElo "2470"]

1.e4 c6 2.d4 d5 3.Nc3 dxe4 4.Nxe4 Nd7 5.Ng5 Ngf6 6.Bd3 e6 7.N1f3 Bd6 8.Qe2 h6
9.Ne4 Nxe4 10.Qxe4 Nf6 11.Qe2 b6 12.Bd2 Bb7 13.Ne5 Qc7 14.f4 O-O-O 15.O-O-O c5
16.dxc5 Bxc5 17.Ba6 Rd5 18.Bxb7+ Qxb7 19.Be3 Bxe3+ 20.Qxe3 Rhd8 21.Qc3+ Rc5
22.Rxd8+ Kxd8 23.Rd1+ Ke8 24.Qg3 g6 25.Qf2 Rd5 26.Re1 Kf8 27.c4 Rd8 28.g3 Qc7
29.Qf3 Nd7 30.Qa3+ Nc5 31.Rd1 Rxd1+ 32.Kxd1 Kg7 33.Qc3 f6 34.Nd3 g5 35.fxg5 hxg5
36.b4 Nxd3 37.Qxd3 Qc6 38.Kd2 Qg2+ 39.Kc3 Qxa2 40.Qd7+ Kg6 41.c5 Qa3+ 42.Kc4 bxc5
43.bxc5  1/2-1/2

[Event "Yerevan ol (Men)"]
[Site "Yerevan"]
[Date "1996.??.??"]
[Round "7"]
[White "Bacrot, Etienne"]
[Black "Hellsten, Johan"]
[Result "0-1"]
[WhiteElo "2470"]
[BlackElo "2490"]

1.c4 e5 2.Nc3 Nf6 3.Nf3 Nc6 4.g3 Bc5 5.Bg2 a6 6.O-O d6 7.e3 O-O 8.d4 Ba7
9.dxe5 dxe5 10.Qe2 Qe7 11.Nd5 Nxd5 12.cxd5 Nb4 13.e4 Bd7 14.a3 Bb5 15.Qd2 f5
16.Ng5 f4 17.Nf3 fxg3 18.hxg3 Bxf1 19.Kxf1 Rxf3 20.Bxf3 Rf8 21.Qxb4 Qxb4
22.axb4 Rxf3 23.b5 Rxf2+ 24.Ke1 Rf6 25.Bg5 Rg6 26.bxa6 bxa6 27.Bh4 Kf7 28.Rc1 Bb6
29.Ke2 Ke8 30.b3 Rg4 31.Kf3 h5 32.d6 cxd6 33.Rc6 Bc5 34.Rc8+ Kf7 35.Bd8 Rg6
36.Ra8 Re6 37.Rxa6 Re8 38.Bc7 Ke6 39.Ra4 Rc8 40.Ba5 Bd4 41.Bd2 Rc2 42.Bg5 Rf2+  0-1

[Event "Yerevan ol (Men)"]
[Site "Yerevan"]
[Date "1996.??.??"]
[Round "9"]
[White "Fiorito, Fabian"]
[Black "Bacrot, Etienne"]
[Result "0-1"]
[WhiteElo "2470"]
[BlackElo "2470"]

1.e4 c6 2.d4 d5 3.e5 Bf5 4.Nf3 e6 5.Be2 Nd7 6.O-O h6 7.b3 Ne7 8.c4 Ng6 9.Na3 Nf4
10.Bxf4 Bxa3 11.Bd3 Bg4 12.Rb1 Be7 13.h3 Bh5 14.Qe2 O-O 15.Qe3 Bg6 16.Rfd1 a6
17.Rbc1 Bxd3 18.Rxd3 Kh7 19.g4 Rc8 20.Kg2 Kg8 21.cxd5 cxd5 22.Rxc8 Qxc8 23.h4 f5
24.g5 h5 25.Rc3 Qb8 26.g6 Rc8 27.Bg5 Bb4 28.Rc1 Nf8 29.Rg1 Rc3 30.Qe2 Rc6
31.Kh1 Qe8 32.Nh2 Bc3 33.Qxh5 Bxd4 34.Qe2 Qc8 35.Be7 Rc1 36.Qh5  0-1

[Event "Yerevan ol (Men)"]
[Site "Yerevan"]
[Date "1996.??.??"]
[Round "14"]
[White "Bacrot, Etienne"]
[Black "Banikas, Hristos"]
[Result "1/2-1/2"]
[WhiteElo "2470"]
[BlackElo "2445"]

1.g3 c5 2.c4 g6 3.Bg2 Bg7 4.Nf3 Nc6 5.O-O d6 6.Nc3 e6 7.e3 Nf6 8.d4 O-O 9.b3 Rb8
10.Bb2 a6 11.dxc5 dxc5 12.Qe2 b6 13.Rad1 Qe7 14.Na4 Qc7 15.Bc3 Re8 16.Ng5 h6
17.Ne4 Nxe4 18.Bxe4 e5 19.Bb2 Bb7 20.Nc3 Nd4 21.Qd3 Nf3+ 22.Kg2 Ng5 23.Bxb7 Qxb7+
24.Qd5 e4 25.Qxb7 Rxb7 26.Rd5 Ne6 27.Ba1 f5 28.Na4 Bf8 29.Rfd1 b5 30.Nc3 bxc4
31.bxc4 Rbb8 32.Rd7 Rbd8 33.Nd5 Rxd7 34.Nf6+ Kf7 35.Nxd7 Bg7 36.Bxg7 Kxg7
37.Rd5 Rc8 38.Rd6 Rd8 39.Rxe6 Rxd7 40.Rxa6 Rd2 41.Ra5 Rc2 42.Rxc5 Rxa2 43.g4 f4
44.exf4 e3 45.Kf3 exf2 46.Kg2 Rc2 47.Kf1 Kf6 48.Rc6+ Kg7 49.Rc8 Kf6 50.c5 Rc4
51.c6 Ke7 52.Kxf2 Rxf4+ 53.Kg3 Rc4 54.c7 g5 55.h3 Kd6 56.Kf3 Rc3+ 57.Ke4 Rxh3
58.Kf5 Rh4 59.Kg6  1/2-1/2

[Event "Hoogovens-B"]
[Site "Wijk aan Zee"]
[Date "1997.01.21"]
[Round "1"]
[White "Kalinin, Alexander"]
[Black "Bacrot, Etienne"]
[Result "1/2-1/2"]
[WhiteElo "2425"]
[BlackElo "2500"]

1.e4 c5 2.Nf3 d6 3.d4 cxd4 4.Nxd4 Nf6 5.Nc3 Nc6 6.Bg5 e6 7.Qd2 a6 8.O-O-O h6
9.Be3 Qc7 10.f3 Rb8 11.Kb1 b5 12.Nxc6 Qxc6 13.Ne2 e5 14.Nc3 Be7 15.Be2 Be6
16.Nd5 Rc8 17.c3 Nxd5 18.exd5 Bf5+ 19.Ka1 Qb7 20.f4 exf4 21.Bd4 O-O 22.Qxf4 Bg6
23.h4 Rfe8 24.Bd3 Bf8 25.Bxg6 fxg6 26.Qg4 Kh7 27.h5 Qf7 28.hxg6+ Qxg6 29.Qxg6+ Kxg6
30.Rde1 Rxe1+ 31.Rxe1 Kf5 32.Kb1 Kf4 33.Re3 h5 34.Kc2 h4 35.Kd3 Kg4 36.Ke2 g5
37.Kf2 Kf5 38.Re6 Kg4 39.Re4+ Kh5  1/2-1/2

[Event "Hoogovens-B"]
[Site "Wijk aan Zee"]
[Date "1997.01.28"]
[Round "7"]
[White "Bacrot, Etienne"]
[Black "Van der Sterren, Paul"]
[Result "1/2-1/2"]
[WhiteElo "2500"]
[BlackElo "2515"]

1.d4 d5 2.c4 dxc4 3.Nf3 a6 4.e3 Nf6 5.Bxc4 e6 6.O-O c5 7.Bb3 Nc6 8.Nc3 cxd4
9.exd4 Be7 10.Be3 O-O 11.Rc1 Na5 12.Ne5 Nxb3 13.Qxb3 Nd5 14.Nxd5 Qxd5 15.Qxd5 exd5
16.Rc3 Bd6 17.Nd3 Bf5 18.Nf4 Bxf4 19.Bxf4  1/2-1/2

[Event "Hoogovens-B"]
[Site "Wijk aan Zee"]
[Date "1997.01.30"]
[Round "8"]
[White "Riemersma, Liafbern"]
[Black "Bacrot, Etienne"]
[Result "1/2-1/2"]
[WhiteElo "2435"]
[BlackElo "2500"]

1.e4 c5 2.Nf3 d6 3.d4 cxd4 4.Nxd4 Nf6 5.Nc3 Nc6 6.Bg5 e6 7.Qd2 a6 8.O-O-O h6
9.Be3 Qc7 10.f4 Be7 11.Be2 Nxd4 12.Bxd4 b5 13.e5 b4 14.exf6 bxc3 15.Bxc3 gxf6
16.f5 e5 17.Ba5 Qa7 18.Rhf1 Bb7 19.Bf3 Rc8 20.Bb4 Rd8 21.Bd5 Bxd5 22.Qxd5 Rg8
23.Rd3 Qd7 24.c4 Rg5 25.Qe4 h5 26.b3 Rg4 27.Qd5 Rg5 28.Qf3 Rg4 29.Qd5 Rg5
30.Qf3  1/2-1/2

[Event "Hoogovens-B"]
[Site "Wijk aan Zee"]
[Date "1997.02.01"]
[Round "10"]
[White "David, Alberto"]
[Black "Bacrot, Etienne"]
[Result "1-0"]
[WhiteElo "2455"]
[BlackElo "2500"]

1.e4 c5 2.Nf3 e6 3.Nc3 d6 4.d4 cxd4 5.Nxd4 Nc6 6.g4 e5 7.Nf5 g6 8.Ng3 Be6
9.Nd5 Bg7 10.Bg2 Nf6 11.g5 Nd7 12.h4 O-O 13.h5 Nb6 14.c3 Rc8 15.O-O Bxd5
16.exd5 Ne7 17.Be3 Qd7 18.Bxb6 axb6 19.Ne4 f5 20.gxf6 Bxf6 21.Qd3 Bh4 22.Bh3 Nf5
23.Kh2 Kh8 24.Rg1 gxh5 25.Ng5 Qa4 26.Ne6 Ne7 27.Rg2 Rg8 28.Rag1 Rxg2+ 29.Rxg2 Rg8
30.Rxg8+ Kxg8 31.Qf3 Qe8 32.Nc7 Qg6 33.Be6+ Kg7 34.Bd7 e4 35.Qf4 Bg5 36.Ne6+ Kh6
37.Qf8+  1-0

[Event "Enghien Les Bains"]
[Site "Enghien Les Bains"]
[Date "1997.03.14"]
[Round "1"]
[White "Kortschnoj, Viktor"]
[Black "Bacrot, Etienne"]
[Result "0-1"]
[WhiteElo "2635"]
[BlackElo "2500"]

1.Nf3 d5 2.b3 Bg4 3.Bb2 Bxf3 4.gxf3 Nf6 5.e3 c5 6.f4 Nc6 7.Bg2 e6 8.d3 g6
9.c4 Bg7 10.Nc3 O-O 11.O-O d4 12.Na4 Qd6 13.Rb1 Rac8 14.Bc1 b6 15.a3 dxe3
16.fxe3 Rfd8 17.Nb2 e5 18.Kh1 exf4 19.exf4 Nd4 20.Na4 Nf5 21.Rb2 Nh5 22.Rc2 Bh6
23.Bh3 Qxd3 24.Qxd3 Rxd3 25.Bxf5 gxf5 26.Nc3 Nf6 27.Bb2 Kf8 28.Kg2 Re8 29.Bc1 Bg7
30.Rf3 Red8 31.b4 Rxf3 32.Kxf3 Rd3+ 33.Kg2 Ne4 34.Nd5 Bd4 35.Nc7 h5 36.Nb5 h4
37.Nxd4 cxd4 38.Bb2 h3+ 39.Kf1 Rf3+ 40.Ke2 Re3+ 41.Kf1 d3 42.Rc1 Re2  0-1

[Event "Enghien Les Bains"]
[Site "Enghien Les Bains"]
[Date "1997.03.15"]
[Round "2"]
[White "Bacrot, Etienne"]
[Black "Anic, Darko"]
[Result "1-0"]
[WhiteElo "2500"]
[BlackElo "2470"]

1.d4 Nf6 2.c4 e6 3.Nf3 d5 4.Nc3 Bb4 5.Bg5 Nbd7 6.e3 c5 7.cxd5 exd5 8.Qc2 Qa5
9.Bd3 O-O 10.O-O c4 11.Bf5 Re8 12.Nd2 g6 13.Bxd7 Nxd7 14.Rae1 Bxc3 15.bxc3 Nb6
16.f3 Qa4 17.Qb2 Qc6 18.e4 Be6 19.Re3 Na4 20.Qc1 b5 21.Qe1 Nb6 22.Qh4 Nd7
23.g4 b4 24.e5 bxc3 25.Qh6 Kh8 26.Ne4 f5 27.exf6 Rg8 28.Nxc3 Raf8 29.Qh4 Qb6
30.Rxe6 Qxe6 31.Re1 Rxf6 32.Rxe6 Rxe6 33.Nxd5 Rb8 34.Bf4  1-0

[Event "Enghien Les Bains"]
[Site "Enghien Les Bains"]
[Date "1997.03.16"]
[Round "3"]
[White "Fontaine, Robert"]
[Black "Bacrot, Etienne"]
[Result "0-1"]
[WhiteElo "2320"]
[BlackElo "2500"]

1.e4 e5 2.Nf3 Nc6 3.Bb5 g6 4.d4 exd4 5.Bxc6 dxc6 6.Qxd4 Qxd4 7.Nxd4 Bg7 8.c3 Bd7
9.Bg5 h6 10.Bh4 g5 11.Bg3 O-O-O 12.O-O c5 13.Nf3 Nf6 14.Re1 Rhe8 15.Nfd2 Nh5
16.Na3 Bc6 17.Nb3 Rxe4 18.Rxe4 Bxe4 19.Nxc5 Bd5 20.Nb5 Bc4 21.a4 Rd5 22.b4 Bxb5
23.axb5 Bxc3 24.Rc1 Bxb4 25.Na4 Nxg3 26.hxg3 Rxb5  0-1

[Event "Enghien Les Bains"]
[Site "Enghien Les Bains"]
[Date "1997.03.20"]
[Round "7"]
[White "Ivanov, Mikhail M"]
[Black "Bacrot, Etienne"]
[Result "1/2-1/2"]
[WhiteElo "2500"]
[BlackElo "2500"]

1.d4 d5 2.c4 c6 3.cxd5 cxd5 4.Nc3 Nf6 5.Bf4 a6 6.e3 Nc6 7.Bd3 Bg4 8.Be2 Bxe2
9.Ngxe2 e6 10.h3 Bd6 11.O-O O-O 12.Rc1 Rc8 13.Na4 Ne4 14.Bxd6 Qxd6 15.Nc5 Nxc5
16.Rxc5 Ne7 17.Rxc8 Rxc8 18.Qd2 h6 19.Rc1 Rc6  1/2-1/2

[Event "Linz"]
[Site "Linz"]
[Date "1997.05.18"]
[Round "2"]
[White "Bacrot, Etienne"]
[Black "Rogers, Ian"]
[Result "1-0"]
[WhiteElo "2500"]
[BlackElo "2600"]

1.d4 d5 2.c4 e6 3.Nf3 Nf6 4.Nc3 Bb4 5.Bg5 Nbd7 6.e3 c5 7.cxd5 exd5 8.Qc2 Qa5
9.Bd3 c4 10.Bf5 O-O 11.O-O Bxc3 12.bxc3 Re8 13.Nd2 g6 14.Bxd7 Nxd7 15.Rae1 Nb6
16.f3 Bd7 17.h4 Na4 18.Rc1 f6 19.Bf4 Re6 20.e4 Rae8 21.Rfe1 Bc6 22.e5 fxe5
23.Bxe5 Nc5 24.Re3 Nd3 25.Rxd3 cxd3 26.Qxd3 Qxa2 27.f4 Bd7 28.h5 Rb6 29.hxg6 Rxg6
30.Rf1 Bf5 31.Qxf5 Qxd2 32.Qh3 Qe2 33.f5 Rf8 34.Rf4 Rg5 35.f6 h6 36.f7+ Kh7
37.Bd6 Rh5 38.Qxh5  1-0

[Event "Linz"]
[Site "Linz"]
[Date "1997.05.19"]
[Round "3"]
[White "Glek, Igor V"]
[Black "Bacrot, Etienne"]
[Result "1/2-1/2"]
[WhiteElo "2620"]
[BlackElo "2500"]

1.e4 c5 2.Nf3 d6 3.d4 cxd4 4.Nxd4 Nf6 5.Nc3 Nc6 6.Bc4 e6 7.Be3 Be7 8.Qe2 O-O
9.O-O-O Qc7 10.Rhg1 a6 11.g4 b5 12.g5 bxc4 13.Qxc4 Bb7 14.gxf6 Bxf6 15.Nxc6 Qxc6
16.Qxc6 Bxc6 17.Rxd6 Rfc8 18.Bd4 Be7 19.Bxg7 Bxd6 20.Bh6+ Kh8 21.Bg7+ Kg8
22.Be5+ Kf8 23.Bxd6+ Ke8 24.Rg7 h5 25.Rh7 Bb7 26.f3 Rc4 27.Ba3 Rac8 28.Kd2 R8c7
29.Rxh5 f5 30.exf5 exf5 31.Rxf5 Rh4 32.Ke3 Kd7 33.Rf7+ Kc8 34.Rf8+ Kd7 35.Rf7+ Kc8
36.Rxc7+ Kxc7 37.Ne2 Rxh2 38.Nd4 Rh4 39.Bc5 Kd7 40.a4 Bc6 41.b3 Bb7 42.c4 Bc6
43.a5 Rh1 44.Bb4 Bb7 45.Bd2 Rh4 46.Bc3 Rh1 47.Kf2 Rd1 48.Ke2 Rh1 49.Be1 Kd6
50.Bg3+ Kc5 51.Nc2 Rc1 52.Bf2+ Kd6 53.Nd4 Ke5 54.Be3 Ra1 55.b4 Ra4 56.Nb3 Rxb4
57.Nc5 Rb2+ 58.Kd3 Bxf3 59.Bd4+ Kd6 60.Nxa6 Ra2 61.Bc5+ Kd7 62.Bb4 Kc6 63.Kc3 Be2
64.Nc5 Rxa5  1/2-1/2

[Event "Linz"]
[Site "Linz"]
[Date "1997.05.22"]
[Round "6"]
[White "Bacrot, Etienne"]
[Black "Romanishin, Oleg M"]
[Result "1-0"]
[WhiteElo "2500"]
[BlackElo "2555"]

1.e4 c5 2.Nf3 e6 3.d4 cxd4 4.Nxd4 Nc6 5.Nb5 d6 6.c4 Nf6 7.N1c3 a6 8.Na3 Be7
9.Be2 O-O 10.O-O b6 11.Be3 Bb7 12.Qb3 Nd7 13.Rac1 Rc8 14.Rfd1 Qc7 15.Rd2 Rfe8
16.Kh1 Qb8 17.Qd1 Ba8 18.f3 Nce5 19.Qg1 Bd8 20.Rcd1 Bc7 21.Nc2 Bb7 22.b3 Ng6
23.Bf1 Nge5 24.Qf2 Ng6 25.Be2 Ne7 26.Bf4 e5 27.Be3 f5 28.exf5 Nxf5 29.Bd3 Rf8
30.Bxf5 Rxf5 31.Nb4 Nf6 32.Ncd5 Nxd5 33.Nxd5 Bxd5 34.Rxd5 Rcf8 35.h3 h6 36.Qg3 R5f6
37.Qg4 Qe8 38.Bc1 Kh8 39.Ba3 Rf4 40.Qg3 e4 41.Bb2 Qe7 42.Re1 b5 43.Qg6 Kg8
44.Rh5 Qf7 45.Rxh6 Qxg6 46.Rxg6 R8f7 47.Bc1 R4f5 48.Rxe4 bxc4 49.bxc4 d5
50.Re8+ Kh7 51.Rg4 dxc4 52.Rh4+ Kg6 53.Re6+ R5f6 54.Rxf6+ gxf6 55.Rxc4 Rd7
56.Bf4 Bb6 57.Rc6 Rd1+ 58.Kh2 Rb1 59.Kg3 a5 60.Be5 Bd8 61.Bd4 Rb4 62.Be5 Ra4
63.h4 Rxa2 64.h5+ Kf7 65.Rc8 Be7 66.Bf4 Ra1 67.Rc7 Ke6 68.Kh2 Ra4 69.g3 Rd4
70.Ra7 a4 71.h6 a3 72.Ra8 Rd5 73.g4 a2 74.Rxa2 Rd8 75.Kg3 Kf7 76.Ra7 Ke6
77.g5  1-0

[Event "Albert m"]
[Site "Albert"]
[Date "1997.09.12"]
[Round "2"]
[White "Kortschnoj, Viktor"]
[Black "Bacrot, Etienne"]
[Result "1/2-1/2"]
[WhiteElo "2610"]
[BlackElo "2545"]

1.d4 Nf6 2.c4 e6 3.Nc3 Bb4 4.e3 O-O 5.Bd3 c5 6.Nf3 d5 7.O-O dxc4 8.Bxc4 Nbd7
9.Qb3 a6 10.a4 Qe7 11.Rd1 Rd8 12.Qc2 cxd4 13.exd4 Nb6 14.Bd3 h6 15.Bf4 Nbd5
16.Bg3 Bd7 17.Bh4 Rac8 18.Nxd5 exd5 19.Qb3 a5 20.Ne5 Be6 21.f4 Qd6 22.Bb1 Kf8
23.Qf3 Qb6 24.Kh1 Be7 25.Qe2 Rc7 26.Be1 Kg8 27.f5 Bc8 28.Qb5 Qxb5 29.axb5 Bb4
30.Bxb4 axb4 31.g4 Ne4 32.Kg2 Nd6 33.Bd3 Nc4 34.Rdc1 Bd7 35.b6 Rcc8 36.Nxd7 Rxd7
37.b3 Nxb6 38.Rxc8+ Nxc8 39.f6 Nb6 40.fxg7 Rc7 41.Ra7 Kxg7 42.Kf2 Nc8 43.Ra8 Rc3
44.Ke3 Ne7 45.Rb8 Rxb3 46.h4 Ng6 47.h5 Nh4 48.Rxb7 Nf3 49.Kxf3 Rxd3+ 50.Kf4 Rxd4+
51.Kf5 Rd1 52.Rxb4 d4 53.Kf4 d3 54.Ke3 Kf6 55.Rf4+ Kg5 56.Rxf7 Kxg4 57.Rd7  1/2-1/2

[Event "Albert m"]
[Site "Albert"]
[Date "1997.09.14"]
[Round "4"]
[White "Kortschnoj, Viktor"]
[Black "Bacrot, Etienne"]
[Result "1-0"]
[WhiteElo "2610"]
[BlackElo "2545"]

1.c4 e5 2.g3 c6 3.d4 e4 4.Nc3 d5 5.cxd5 cxd5 6.Qb3 Ne7 7.Bf4 a6 8.f3 exf3
9.Nxf3 Nbc6 10.e4 Be6 11.Rd1 dxe4 12.d5 Nxd5 13.Rxd5 Bxd5 14.Nxd5 Bd6 15.Qxb7 O-O
16.Bxd6 Qxd6 17.Qxc6 Qxc6 18.Ne7+ Kh8 19.Nxc6 exf3 20.Kf2 Rac8 21.Nb4 Rc1
22.Nd3 Ra1 23.Bg2 Rxa2 24.Bxf3 Rd8 25.Rc1 g6 26.Ke3 Kg7 27.Rc7 Ra5 28.Ra7 Rd6
29.g4 Rb5 30.b4 h5 31.gxh5 gxh5 32.Bb7 Rbb6 33.Bc8 Kf6 34.Nc5 Kg6 35.Rxa6 f5
36.h4 f4+ 37.Kf3 Rf6 38.Rxb6 Rxb6 39.Nd3 Rc6 40.Bb7 Rc3 41.Kxf4 Kf6 42.Be4 Rb3
43.Ke3 Rb1 44.Kd4 Rg1 45.b5 Ke6 46.b6  1-0

[Event "FIDE-Wch k.o."]
[Site "Groningen"]
[Date "1997.12.09"]
[Round "1.1"]
[White "Giorgadze, Giorgi"]
[Black "Bacrot, Etienne"]
[Result "1/2-1/2"]
[WhiteElo "2625"]
[BlackElo "2545"]

1.d4 Nf6 2.c4 e6 3.Nc3 Bb4 4.e3 O-O 5.Ne2 Re8 6.a3 Bf8 7.d5 d6 8.g3 exd5
9.cxd5 c5 10.dxc6 bxc6 11.Bg2 d5 12.O-O Nbd7 13.Nd4 Bb7 14.Re1 c5 15.Nde2 Qb6
16.Nf4 d4 17.Ncd5 Nxd5 18.Nxd5 Qd6 19.e4 Qb8 20.Bf4 Bd6 21.Qg4 Re6 22.Qh5  1/2-1/2

[Event "FIDE-Wch k.o."]
[Site "Groningen"]
[Date "1997.12.10"]
[Round "1.6"]
[White "Giorgadze, Giorgi"]
[Black "Bacrot, Etienne"]
[Result "1/2-1/2"]
[WhiteElo "2625"]
[BlackElo "2545"]

1.d4 Nf6 2.c4 e6 3.Nc3 Bb4 4.e3 O-O 5.Ne2 Re8 6.g3 d5 7.Bg2 dxc4 8.O-O c6
9.Qc2 Nbd7 10.Ne4 Nb6 11.Nxf6+ Qxf6 12.e4 e5 13.Be3 exd4 14.Bxd4 Qe7 15.a4 Be6
16.Nf4 Rad8 17.Be3 Ba5 18.Rfd1 h6 19.h3 Qf6 20.Bf1 c3 21.b3 Bb4 22.a5 Rxd1
23.Rxd1 Bxa5 24.Bd4 Qe7 25.Ra1 Qb4 26.Nxe6 Rxe6 27.Be3 Rxe4 28.Bc5 Qxc5 29.Qxe4 g6
30.Rd1 Nd5 31.Bc4 Bb6 32.Qf3 a5 33.Rc1 Qa3 34.Rc2 Bd4 35.Bxd5 cxd5 36.Qxd5 Bf6
37.Qxb7 Qa1+ 38.Kg2 Qb1 39.Rxc3 Bxc3 40.Qc8+ Kh7 41.Qxc3 Qe4+  1/2-1/2

[Event "Pamplona 9798"]
[Site "Pamplona"]
[Date "1997.12.29"]
[Round "2"]
[White "Arizmendi Martinez, Julen Luis"]
[Black "Bacrot, Etienne"]
[Result "0-1"]
[WhiteElo "2470"]
[BlackElo "2545"]

1.e4 c5 2.Nf3 d6 3.d4 cxd4 4.Nxd4 Nf6 5.Nc3 Nc6 6.Be2 g6 7.O-O Bg7 8.Nb3 O-O
9.Re1 b6 10.Bf1 Bb7 11.Nd5 Nd7 12.c3 e6 13.Ne3 Nc5 14.Nxc5 bxc5 15.Qa4 Qc7
16.Ba6 h6 17.Bd2 Rab8 18.Bxb7 Rxb7 19.Nc4 g5 20.Rad1 Ne5 21.Bc1 Nxc4 22.Qxc4 Rd8
23.Rd3 Qe7 24.b3 Rbd7 25.Be3 Be5 26.Red1 Kh7 27.Qb5 Rb7 28.Qa5 Rc8 29.c4 Rg8
30.Qe1 g4 31.Qd2 h5 32.Kh1 Rb6 33.Bf4 Bd4 34.Be3 e5 35.Bxd4 exd4 36.Qf4 Qe6
37.Re1 Rbb8 38.Kg1 Rbe8 39.Rdd1 Re7 40.Kf1 Qe5 41.Qxe5 dxe5 42.Rd3 Kg6 43.Ke2 f5
44.exf5+ Kxf5 45.f3 e4 46.fxe4+ Rxe4+ 47.Kd2 Rxe1 48.Kxe1 Ke4 49.Rd2 Rf8  0-1

[Event "Pamplona 9798"]
[Site "Pamplona"]
[Date "1997.12.31"]
[Round "4"]
[White "De la Villa Garcia, Jesus Maria"]
[Black "Bacrot, Etienne"]
[Result "1/2-1/2"]
[WhiteElo "2485"]
[BlackElo "2545"]

1.e4 e5 2.Nf3 Nc6 3.Bb5 a6 4.Bxc6 dxc6 5.O-O Qd6 6.Na3 Be6 7.Qe2 f6 8.Nc4 Qd7
9.Rd1 c5 10.c3 Bg4 11.h3 Bxf3 12.Qxf3 Ne7 13.d3 Nc6 14.a3 Be7 15.Ne3 O-O
16.Nd5 Bd6 17.Qg4 Rad8 18.Qxd7 Rxd7 19.Kf1 Rfd8 20.Ke2 Kf7 21.Be3 a5 22.a4 Ne7
23.Nxe7 Rxe7 24.Rf1 h5 25.g3 h4 26.g4 g5 27.Rfd1 b6 28.Kd2 Red7 29.Kc2 Be7
30.Rd2 Ke6 31.Rad1 Kd6 32.f3 Kc6 33.Ra1 Rg8 34.Rf1 Rd6 35.Rfd1 Re6 36.Ra1 Rd8
37.Rf1 Kb7 38.Rfd1 Re8 39.Kb3 Bd6 40.Kc4 Kc6 41.Bg1 Rb8 42.Bh2 b5+ 43.axb5+ Rxb5
44.Ra1 Re8 45.b3 Reb8 46.Rb2 Ra8 47.Ra4 Rab8 48.Bg1 Ra8 49.Be3 Rab8 50.Bf2 R8b6
51.Bg1 Rb8 52.Be3 R8b6 53.Ra3 Ra6 54.Rba2 Ra8 55.Ra4 Ra6 56.Bd2 Rab6 57.R2a3 Ra6
58.Be1 Ra8 59.Bf2 Ra6 60.Be1 Ra8 61.Ra1 Rab8 62.R1a3  1/2-1/2